The Church that didn't die (Registro nro. 68917)
[ vista simple ]
| 000 -LÍDER | |
|---|---|
| Campo fijo de descripción fija | 00893nab a2200217 i 4500 |
| 001 - NÚMERO DE CONTROL | |
| Campo de control | 768714001 |
| 003 - IDENTIFICADOR DEL NÚMERO DE CONTROL | |
| Campo de control | CO-MdFUSB |
| 005 - FECHA Y HORA DE LA ULTIMA TRANSACCIÓN | |
| control field | 20260316101607.0 |
| 008 - ELEMENTOS DE LONGITUD FIJA -- INFORMACIÓN GENERAL | |
| Campo fijo de descripción fija -- Información general | 230531s1987 us ||||| |||| 00| 0 eng d |
| 040 ## - FUENTE DE CATALOGACIÓN | |
| Idioma de catalogación | spa |
| Agencia Catalogadora | CO-MdFUSB |
| Agencia que realiza la transcripción | CO-MdFUSB |
| Agencia que realiza la modificación | CO-MdFUSB |
| 041 ## - CÓDIGO DE IDIOMA | |
| Código de idioma para texto/pista de sonido o título separado | eng |
| 100 ## - ASIENTO PRINCIPAL--NOMBRE PERSONAL | |
| Nombre personal | Johnson, Suzan D. |
| Término relacionador | autor |
| 245 #4 - TÍTULO | |
| Título | The Church that didn't die |
| Mención de responsabilidad | / Suzan D. Johnson |
| 300 ## - DESCRIPCIÓN FÍSICA | |
| Extensión | Volumen 8, número 4 (Fall 1987), páginas 24 - 30 |
| Dimensiones | ; 27 cm. |
| 520 ## - NOTA DE RESUMEN, ETC. | |
| Nota de sumario, etc. | Incluso cuando la condición parece terminal, las congregaciones pueden recuperarse. Una pastora cuenta su historia de los esfuerzos de revitalización de la iglesia que tuvieron éxito. |
| 546 ## - NOTA DE IDIOMA | |
| Nota de idioma | Texto en Inglés |
| 650 #7 - ASIENTO SECUNDARIO DE MATERIA - TERMINO TEMÁTICO | |
| 9 (RLIN) | 189 |
| Término temático o nombre geográfico como elemento de entrada | Cambio social |
| 773 0# - ASIENTO DE ITEM FUENTE | |
| Biblionumber | 68780 |
| Itemnumber | 81987 |
| Otro identificador del ítem | R2475 |
| Título | Leadership : |
| Número de control del registro | (CO-MdFUSB)768714001 |
| Parte(s) relacionada(s) / Volumen., número. (mes año), páginas | Volumen 8, número 4 (Fall 1987), páginas 24 - 30 |
| Enumeración y primera página | página 24 |
| 942 ## - TIPO DE MATERIAL (KOHA) | |
| Tipo de Item KOHA | Artículos de Revista |
| 945 ## - INFORMACIÓN LOCAL DEL REGISTRO | |
| Catalogador | JTF-925 |
No hay ítems disponibles.
